| 000 | 03709nam a22004097a 4500 | ||
|---|---|---|---|
| 005 | 20100809112744.0 | ||
| 010 | _aB-407931-948 | ||
| 020 |
_a9788172239039 _c299.00 |
||
| 035 | _aB-407931-948 | ||
| 037 | _bAakar Books | ||
| 082 | _aS | ||
| 100 |
_aBasu, Kunal _99088 |
||
| 245 |
_aThe Japanese wife / _cby Kunal Basu |
||
| 260 |
_aNOIDA _bHarperCollins Publishers _c2009 |
||
| 270 |
_aA-53, Sector-57, _bNOIDA |
||
| 300 |
_axi, 202 p. _c22 cm(pbk) |
||
| 942 |
_2ddc _cEN _mBAS _hS |
||
| 999 |
_c34888 _d34888 |
||